Textbook of Vegetable Production /by S. P. Kanaujia, C.S. Maiti and Raj Narayan (Record no. 52347)

MARC details
000 -LEADER
fixed length control field 00588nam a22001817a 4500
003 - CONTROL NUMBER IDENTIFIER
control field OSt
008 - FIXED-LENGTH DATA ELEMENTS--GENERAL INFORMATION
fixed length control field 260626b |||||||| |||| 00| 0 eng d
020 ## - INTERNATIONAL STANDARD BOOK NUMBER
International Standard Book Number 9788170196532
082 ## - DEWEY DECIMAL CLASSIFICATION NUMBER
Classification number 635
Item number K16T
100 ## - MAIN ENTRY--PERSONAL NAME
Personal name Kanaujia, S. P.
245 ## - TITLE STATEMENT
Title Textbook of Vegetable Production /by S. P. Kanaujia, C.S. Maiti and Raj Narayan
260 ## - PUBLICATION, DISTRIBUTION, ETC. (IMPRINT)
Place of publication, distribution, etc Delhi :
Name of publisher, distributor, etc Today & Tomorrow Printers and Publishers,
Date of publication, distribution, etc 2020.
300 ## - PHYSICAL DESCRIPTION
Extent 443 p.
650 ## - SUBJECT ADDED ENTRY--TOPICAL TERM
Topical term or geographic name as entry element Agriculture and related technologies | Technology (Applied sciences) Vegetables
700 ## - ADDED ENTRY--PERSONAL NAME
Personal name Maiti, C.S.
700 ## - ADDED ENTRY--PERSONAL NAME
Personal name Narayan, Raj
942 ## - ADDED ENTRY ELEMENTS (KOHA)
Source of classification or shelving scheme
Koha item type Books
Holdings
Withdrawn status Lost status Source of classification or shelving scheme Damaged status Not for loan Home library Current library Shelving location Date acquired Source of acquisition Cost, normal purchase price Total Checkouts Full call number Barcode Date last seen Bill Date Koha item type Bill Number
          Dr. Rajendra Prasad Central Agricultural University Pusa, Dr. Rajendra Prasad Central Agricultural University Pusa, General Stacks 26/06/2026 Today & Tomorrow Printers and Publishers 1595.00   635 K16T 87572 26/06/2026 29/01/2026 Books Bill No. IN-00449
Hosted, Implemented, Customized & Maintained by: BestBookBuddies

Powered by Koha